Kỹ thuật nuôi cá nước ngọt
Sách cung cấp thêm những tư liệu cần thiết về kỹ thuật nuôi cá nước ngọt cho người nuôi cá, cán bộ kỹ thuật và sinh viên.
Enregistré dans:
| Format: | Livre |
|---|---|
| Langue: | Undetermined |
| Publié: |
An giang
Sở khoa học công nghệ và môi trường An giang
1994
|
| Sujets: | |
| Tags: |
Ajouter un tag
Pas de tags, Soyez le premier à ajouter un tag!
|
| Thư viện lưu trữ: | Trung tâm Học liệu Trường Đại học Cần Thơ |
|---|
| LEADER | 00675nam a2200169Ia 4500 | ||
|---|---|---|---|
| 001 | CTU_38865 | ||
| 008 | 210402s9999 xx 000 0 und d | ||
| 082 | |a 639.31 | ||
| 082 | |b K600 | ||
| 245 | 0 | |a Kỹ thuật nuôi cá nước ngọt | |
| 260 | |a An giang | ||
| 260 | |b Sở khoa học công nghệ và môi trường An giang | ||
| 260 | |c 1994 | ||
| 520 | |a Sách cung cấp thêm những tư liệu cần thiết về kỹ thuật nuôi cá nước ngọt cho người nuôi cá, cán bộ kỹ thuật và sinh viên. | ||
| 650 | |a Fishes | ||
| 904 | |i Thanh | ||
| 980 | |a Trung tâm Học liệu Trường Đại học Cần Thơ | ||